|
|
|
|
| LEADER |
00000nam0a2200000 4500 |
| 001 |
314290 |
| 005 |
20231102002649.0 |
| 035 |
|
|
|a (RuTPU)RU\TPU\book\339701
|
| 090 |
|
|
|a 314290
|
| 100 |
|
|
|a 20160211d1957 m y0rusy50 ca
|
| 101 |
0 |
|
|a rus
|
| 102 |
|
|
|a RU
|
| 105 |
|
|
|a a z 001zy
|
| 200 |
1 |
|
|a Отходы сельского хозяйства - источник энергии
|f В. Р. Келер
|
| 210 |
|
|
|a Москва
|c Советская Россия
|d 1957
|
| 215 |
|
|
|a 47 с., [1] вкл. л.
|c ил.
|
| 225 |
1 |
|
|a В помощь лектору
|
| 300 |
|
|
|a На обложке указана серия: "Библиотечка в помощь лектору № 18"
|
| 316 |
|
|
|5 63413507: 79-5490
|a С автографом автора. На титульном листе дарственная надпись: "В томскую научно-техническую библиотеку ТПИ от земляка. В. Келер. 14 марта 1979"
|
| 317 |
|
|
|5 63413507: 79-5490
|a Дар Келера В. Р.
|
| 320 |
|
|
|a Библиогр.: с. 47
|
| 606 |
1 |
|
|a Топливо
|x Нормы расхода
|2 stltpush
|3 (RuTPU)RU\TPU\subj\32985
|9 55353
|
| 606 |
1 |
|
|a Топливо
|x Переработка
|2 stltpush
|3 (RuTPU)RU\TPU\subj\33167
|9 55483
|
| 606 |
1 |
|
|a Топливо
|x Химическая переработка
|2 stltpush
|3 (RuTPU)RU\TPU\subj\32992
|
| 610 |
1 |
|
|a сельское хозяйство
|
| 610 |
1 |
|
|a отходы
|
| 610 |
1 |
|
|a источники энергии
|
| 610 |
1 |
|
|a дарственные надписи
|
| 610 |
1 |
|
|a дары автора
|
| 610 |
1 |
|
|a дары библиотеке
|
| 610 |
1 |
|
|a выпускники ТПУ
|
| 610 |
1 |
|
|a коллекция ТПУ
|
| 610 |
1 |
|
|a метановое сбраживание
|
| 610 |
1 |
|
|a брожение
|
| 610 |
1 |
|
|a удобрения
|
| 610 |
1 |
|
|a дешевое топливо
|
| 610 |
1 |
|
|a биогаз
|
| 610 |
1 |
|
|a биоэнергетические установки
|
| 675 |
|
|
|a 662.6
|v 4
|
| 675 |
|
|
|a 662.7
|v 4
|
| 700 |
|
1 |
|a Келер
|b В. Р.
|c русский советский прозаик
|c писал в жанре научно-популярной литературы
|c выпускник механического факультета ТТИ 1930 г.
|f 1908-1985
|g Владимир Романович
|2 stltpush
|3 (RuTPU)RU\TPU\pers\15918
|
| 801 |
|
1 |
|a RU
|b 63413507
|c 20160211
|
| 801 |
|
2 |
|a RU
|b 63413507
|c 20210114
|g RCR
|
| 942 |
|
|
|c BK
|